01332nam a2200385 a 450000100060000000300080000600500170001400600190003100700150005000800410006502000180010603500230012403500240014703500250017103500210019604000260021705000210024308000120026408200160027610000290029224500790032125000120040026000390041230000150045149000770046650000450054353301640058865000130075265000260076565000320079165000150082365500270083871000190086585600620088489784FlNmELB20241217171904.0m o d | cr cn|||||||||201208r2004 ck |||||s|||||||||||spa d z9789586483605 a(MiAaPQ)EBC3200835 a(Au-PeEL)EBL3200835 a(CaPaEBR)ebr10584121 a(OCoLC)929365039 aFlNmELBbspacFlNmELB 4aTD791bP226 2004 a621.79804a363.7282221 aPardavé Livia, Walter.10aEnvases & medio ambienteh[recurso electronico] /cWalter Pardavé Livia. a2a. ed. aBogotá :bEcoe Ediciones,c2004. axii, 97 p.0 aTextos universitarios. Ecología, medio ambiente y ciencias agrícolas aDatos biográficos del autor en solapa. aRecurso electrónico. Santa Fe, Arg.: e-libro, 2015. Disponible vía World Wide Web. El acceso puede estar limitado para las bibliotecas afiliadas a e-libro. 4aEnvases. 4aReciclaje de envases. 4aRefuse and refuse disposal. 4aPackaging. 4aLibros electrónicos.2 ae-libro, Corp.40uhttps://elibro.net/ereader/politecnicointernacional/69004